| 000 | 00891nam0a22002771 4500 | ||
|---|---|---|---|
| 001 | rc\3796988 | ||
| 005 | 20250530052207.0 | ||
| 021 |
_aRU _bРг12699-75 |
||
| 021 |
_aRU _b75-47450 |
||
| 035 | _a(NLR Aleph) 007244707 | ||
| 090 |
_a7767480 _c7767480 |
||
| 100 | _a20120311d1975 |||y0rusy50 ca | ||
| 101 | 0 | _arus | |
| 102 | _aRU | ||
| 105 | _ay g ||||| | ||
| 200 | 1 | _aКраткий справочник ветеринарного лаборанта-химика | |
| 210 |
_aМосква _cРоссельхозиздат _d1975 |
||
| 215 |
_a128 с. _d17 |
||
| 320 | _aБиблиогр.: с. 124-125 | ||
| 700 | 1 |
_aВасильева _bЕ. А. _cд-р биол. наук _gЕвгения Александровна _9216307 _3RU\NLR\AUTH\770216363 |
|
| 801 | 0 |
_aRU _bNLR _gpsbo |
|
| 801 | 1 |
_aRU _bELAR _2rusmarc |
|
| 852 |
_aNLR _j75-2/1507 |
||
| 942 | _cBOOK | ||
| 980 | _aNB | ||